000 00576nam a2200205Ia 4500
005 20250508154101.0
008 008 250505s9999 xx 000 0 eng d
037 _aBooks to be hide in OPAC
040 _aFEDL
_beng
_cFEDL
041 _aeng
_2eng
084 _a709, UPJ
_qFEDL
100 _aUpjohn Everard M
245 0 _aHistory of world art
250 _a2
260 _aNew York, USA
_bOxford University Press
_c1958
300 _axix,875p
700 _a Wingert Paul S Gaston Mahler Jane
_9765015
942 _cHB
_h709, UPJ
999 _c1347515
_d1347515